| 000 | 00356nam a2200133Ia 4500 | ||
|---|---|---|---|
| 008 | 210210b1978 xxu||||| |||| 00| 0 eng d | ||
| 082 | _a954.0317 MARF | ||
| 100 | _aMARX ENGELS. | ||
| 245 | _aFirst Indian war of independence 1857-1859. | ||
| 260 |
_aMoscow. _bProgress Publishers., _c1978 |
||
| 300 | _a210 | ||
| 690 | _aIndian History | ||
| 906 | _aSG02084 | ||
| 999 |
_c113727 _d113727 |
||